000
00310nam a22001457a 4500
003
OSt
020
_a
NA
040
_c
0
082
_2
22
_a
302.22
100
_a
CBS.
245
_a
Media and Public culture /
260
_b
Center for Bhutan studies,
_c
c 2007.
300
_a
531p, ;
_b
NA
_c
24 cm.
942
_2
ddc
_c
RE
999
_c
4623
_d
4623